00553nam a2200145Ia 4500008004100000082001700041245008200058250000800140260004100148300001400189700002400203942000700227999001900234952015400253161229s9999 xx 000 0 und d a332.1 NAR/CH aChallenges to Indian banking: competition,globalisation and financial markets a2nd bMacMillan India LimitedaDelhic1996 axvii, 442 aNarendra Jadhav,ed. cBK c153838d153838 00104070aKAUCLVbKAUCLVd2016-12-29l0o332.1 NAR/CHp905147r2016-12-29 00:00:00w2016-12-29yBKzBook transferred from CCBM Library ,Acc.No:7353